MDQL
is popping MORE tags! Check the
thread
!
Quizzes
Events
Quiz Creation
Community
Videos
Private Events
Remove Ads
Sign In
Join for FREE
Feedback
Dark Mode
Quiz Categories
Sports
Geography
Music
Movies
Television
Just For Fun
Miscellaneous
History
Literature
Language
Science
Gaming
Entertainment
Religion
Holiday
For Kids
Quiz Lab
Recent
Popular Today
Quiz Kudos Today
Editor Picks
Curator Picks
Quizzes by...
Day
Popularity
Type
Ratings
Length
Year
Community
Subscriptions
Recent Discussions
Orange Saloon
Badges
Playlists
Quests
Create
Leaderboards
Showdown
Live 5
Trivia Bingo
Activity
Puzzle Library
Sporcle Events
Private Events
Virtual Trivia
Globe League
Become a Host
Pub Owners
SporcleCon
Opinionation
Our Games
Videos
Blog
Mobile Apps
Partnerships
Remove Ads and Go Orange
Feedback
Holiday
Halloween
Christmas
Holiday Songs
April Fools'
Thanksgiving
Valentine's Day
Easter
St Patrick's Day
National Holiday
Religious Holiday
Holiday
Halloween
Christmas
Holiday Songs
April Fools'
Thanksgiving
Valentine's Day
Easter
St Patrick's Day
National Holiday
Religious Holiday
Random Quiz
Search Sporcle
×
Editor Pick
Editor Pick
Holiday
Church
Select answers by clicking on text or image buttons
Select answers by clicking on text or image buttons
Clickable
Best Score? Go Orange.
St. Patrick's Day in Ireland Stats
Can you pick the answers to these questions about the celebration of St. Patrick's Day in Ireland?
By
popestcyril
7m
20 Questions
732 Plays
732 Plays
732 Plays
Comments
Comments
Give Quiz Kudos
Give Quiz Kudos
-
- Ratings
hide this ad
Forced Order
Answers have to be entered in order
Answers have to be entered in order
Replay
Link that replays current quiz
Next Quiz
Link to next quiz in quiz playlist
You Got
0%
They Got
Avg Score
44%
Avg Friend Score
Upgrade to see
Score Distribution
Jump to the score distribution portion of the page
Score
0/20
Timer
07:00
0
Plays Today
% Correct
Shamrocks
74.2%
Dripsey, Cork
66.3%
Holy Week
64.6%
Green
63.3%
Pubs
58.6%
James O'Mara
55.7%
Death
54.9%
Downpatrick, County Down
52.9%
Alcohol
48%
Thomas Dinely
47.8%
% Correct
Both The Republic of Ireland and Northern Ireland
40.4%
Roast Pork
38.9%
Adults
36.7%
Children
35%
Blue
31.8%
Crosses
31.3%
Girls
26%
Luke Wadding
22.1%
Boys
22%
Money
16.8%
Quiz Playlist
Details
Report
Send in Message
Add To Playlist
Clickable:
Select answers by clicking on text or image buttons
Forced Order:
Answers have to be entered in order
Quiz Source
Last Updated: Feb 16, 2017
Editor Pick in
Holiday
Quiz Scoreboard
CHALLENGE
Sign Up to Join the Scoreboard
Show All
Scores
Hide
Comments
May contain spoilers
Recently Published
Holiday 10x10 Sorting Gallery
by lukepisani3
Holiday
15m
Two Season TV Shows II
by 123Four
Television
10m
Image Sorting: Flags VI
by Barbecue
Geography
2m
More to Explore
Quiz From the Vault
Featured Blog Post
14 Easter Pick-up Lines to Find Eggs With
hide this ad
You Might Also Like...
Tags
Catholicism Quiz
Christianity Quiz
Church Quiz
Clickable Quiz
St Patrick's Day Quiz
catholic
Christian
Ireland
irish
Irish History
protestant
Today's Top Quizzes in Holiday
Browse Holiday
hide this ad
Today's Top Quizzes in Church
Browse Church
Top Contributed Quizzes in Holiday
1
Pick the Easter Eggs hidden in the Garden
2
April Fools' Zebra Puzzle
3
Picture Click Blitz: Easter
4
5-to-1: Holiday Songs
5
Easter Teddy Bears
6
Image Sorting: Holidays II
7
5-to-1: Thanksgiving
8
Easter - Did You Know?
9
Holidays Spelling Bee
10
Draw a Badge: Hey, It's Leap Day
Explore More
Trending Topics
Anime
NBA
Harry Potter
Crossword
Marvel
Disney
Kpop
Song
The Office
Country
Pokémon
WWE
Puzzle
Soccer
NFL
hide this ad
More By:
popestcyril
Quiz
Plays
Rating
Category
Featured
Created
Fictional Characters by Description
113,669
4.57
Literature
Aug 8, 2013
Body Language
110,227
4.59
Language
Jun 5, 2013
Countries From Three Sites: Europe
106,646
4.36
Geography
Dec 11, 2014
Mountainous Match Game
92,542
4.51
Geography
Apr 28, 2012
Bodies of Water by Description
78,754
4.35
Geography
May 3, 2012
Go to Creator's Profile
Score Distribution
Quiz Creator Spotlight
popestcyril
Follow
Send a Message
Quizzes Created
-
Created Quiz Play Count
-
More By This Creator
Popular Quizzes Today
1
Find the US States - No Outlines Minefield
2
Colored Red Africa Blitz
3
Find the 'City' Movie
4
The Countries of the World
5
Find the US States
6
5x2 Blitz: Bands
7
Find the Countries of Europe - No Outlines Minefield
8
US States
More Holiday Quizzes
Christmas Meal In A Can
Editor's Pick
Trending Quizzes
Colored Red Europe Blitz I
Colored Red Europe Blitz II
Colored Red Africa Blitz II
Colored Red Europe Blitz III
Colored Red Africa Blitz III
Recently Updated
Odd Team Out - Big 4 Players
pecheneg
Quick Pick: 20 Twenties
pecheneg
March Madness Men's Triple Doubles
pecheneg
How Do You Spell That?
pecheneg
Godzilla Movies
pecheneg
Grab Bag: 4-10 Letters
pecheneg
2024 March Madness Bracket
pecheneg
Famous TV Couples
Peacemaker
Champions League XIs: Real Madrid
pecheneg
Largest US Cities 1790-2010
pecheneg
Trending Topics
NBA
Harry Potter
Marvel
Disney
Kpop
Crossword
Anime
Puzzle
WWE
Soccer
NFL
Song
Country
The Office
Pokémon
Your Account Isn't Verified!
In order to create a playlist on Sporcle, you need to verify the email address you used during registration. Go to your
Sporcle Settings
to finish the process.
Report this User
Report this user for behavior that violates our
Community Guidelines
.
Details:
Send Report
Go to the Sporcle.com Mobile Site →
Comments